| 000 | 00522nam a2200181Ia 4500 | ||
|---|---|---|---|
| 999 |
_c9593 _d9593 |
||
| 003 | OSt | ||
| 005 | 20191223150240.0 | ||
| 008 | 190216s9999||||xx |||||||||||||| ||und|| | ||
| 040 | _coclc | ||
| 082 |
_a336.54 _bTAY/E |
||
| 100 |
_aTaylor, Philip E _9696 |
||
| 245 | 0 |
_aThe Economics Of Public Finance / _cPhilip E Taylor |
|
| 250 | _a3rd ed. | ||
| 260 |
_bOxford & I B H Publishing, _c1961. _aCalcutta: |
||
| 300 | _a588p | ||
| 650 | _aEconomics | ||
| 942 |
_cBK _2ddc _h336.54 _iTAY/E _k336.54 _mTAY/E |
||